| 000 | 00654nam a2200217Ia 4500 | ||
|---|---|---|---|
| 005 | 20241129110010.0 | ||
| 008 | 241129s9999||||xx |||||||||||||| ||und|| | ||
| 020 | _a978-1-5381-7167-7 | ||
| 037 | _aTB | ||
| 040 |
_aARTS _beng _cARTS |
||
| 041 |
_aeng _2eng |
||
| 084 |
_aX:9(D65,8(B)) R3 _qARTS |
||
| 100 |
_aEkelman Felice B. _9726795 |
||
| 245 | 0 |
_aThrive with a hybrid workplace: step by step guidance from the experts _cEkelman Felice B. |
|
| 260 |
_aMaryland _bLanham Rowman Littlefield _c2023 |
||
| 300 | _axviii,233p. | ||
| 365 |
_aUKP _b26 |
||
| 650 | _aEconomics | ||
| 942 |
_cTB _hX:9(D65,8(B)) R3 |
||
| 999 |
_c1226929 _d1226929 |
||